| 000 | 00589nam a2200181 i 4500 | ||
|---|---|---|---|
| 001 | 89255 | ||
| 003 | ES-MaACL | ||
| 005 | 20230906180128.0 | ||
| 007 | t| | ||
| 008 | 050105s1968 sp ||||1| spa d | ||
| 100 | 1 |
_aLarigaudie, Guy de. _970253 |
|
| 245 | 1 | 0 |
_aPequeñas aventuras de un gran aventurero / _cGuy de Larigaudie ; [traducción de Jorge Sans Vila y María Teresa San Martín]. |
| 260 |
_aSalamanca : _bSígueme, _c1968. |
||
| 300 |
_a270 p. ; _c19 cm. |
||
| 700 | 1 |
_aSans Vila, Jorge. _9103212 |
|
| 700 | 1 |
_aSan Martín, M. T. _9102264 |
|
| 852 |
_aES-MaACL _jC-51397 _bR.67499 |
||
| 999 |
_c89255 _d89255 |
||